00493cam a22001575i 45000010009000000050017000090080041000260200018000670400013000850820018000981000016001162450102001322600046002343000026002806500029003062112379020191108100041.0190808s2018 pk b 001 0 eng  a9780199408535 cPK-LaUMT a954.03bILH-S1 aNiaz, Ilhan14aThe state during the British Raj :bimperial government in South Asia, 1700-1947 /cby Ilhan Niaz aKarachi :bOxford University Press,c2019 axiii, 312 p. ;c24 cm 0aBritishzIndiaxHistory.